[Event "Asia-ch Seniors"]
[Site "Tagaytay City"]
[Date "2023.10.17"]
[Round "4"]
[White "Hamdani, Rudin"]
[Black "Young, Angelo"]
[Result "1-0"]
[WhiteElo "2295"]
[BlackElo "2221"]
[PlyCount "21"]
[EventDate "2023.10.15"]
[EventType "swiss"]
[EventRounds "9"]
[EventCountry "PHI"]
[SourceTitle "Mega2024 Update 01"]
[Source "Chessbase"]
[SourceDate "2023.11.12"]
[SourceVersion "1"]
[SourceVersionDate "2023.11.12"]
[SourceQuality "1"]

1. d4 Nf6 2. Bg5 Ne4 3. Bf4 d6 4. f3 Nf6 5. e4 c6 6. Qd2 Nbd7 7. g4 e5 8. Be3 Be7 9. c4 a6 10. d5 c5 11. Nc3 1-0

[Event "Asia-ch Seniors"]
[Site "Tagaytay City"]
[Date "2023.10.16"]
[Round "2"]
[White "Hamdani, Rudin"]
[Black "Garma, Edgardo"]
[Result "1-0"]
[WhiteElo "2295"]
[BlackElo "2137"]
[PlyCount "63"]
[EventDate "2023.10.15"]
[EventType "swiss"]
[EventRounds "9"]
[EventCountry "PHI"]
[SourceTitle "Mega2024 Update 01"]
[Source "Chessbase"]
[SourceDate "2023.11.12"]
[SourceVersion "1"]
[SourceVersionDate "2023.11.12"]
[SourceQuality "1"]

1. d4 Nf6 2. Bg5 d5 3. Bxf6 exf6 4. e3 Bd6 5. g3 0-0 6. Bg2 Re8 7. Qd3 Nc6 8. a3 Ne7 9. Ne2 Bf5 10. Qd1 Qd7 11. h3 Be4 12. Bxe4 dxe4 13. Nd2 Nf5 14. c4 c5 15. d5 Be5 16. Qc2 Nd6 17. a4 a6 18. a5 h5 19. Nc3 Rac8 20. Ra3 Bxc3 21. Rxc3 Re7 22. Ra3 f5 23. h4 f6 24. Qa4 Qc7 25. Rb3 Nf7 26. Rb6 Ne5 27. Qd1 Nd3+ 28. Kf1 Re5 29. Qxh5 f4 30. Qg6 fxe3 31. fxe3 Rce8 32. Kg2 1-0

[Event "Jakarta Indonesia op 3rd"]
[Site "Jakarta"]
[Date "2013.10.16"]
[Round "10"]
[White "Hamdani, Rudin"]
[Black "Bitoon, Richard"]
[Result "0-1"]
[WhiteElo "2339"]
[BlackElo "2407"]
[PlyCount "84"]
[EventDate "2013.10.10"]
[EventType "swiss"]
[EventRounds "11"]
[EventCountry "INA"]
[SourceTitle "EXT 2014"]
[Source "ChessBase"]
[SourceDate "2013.11.20"]
[SourceVersion "1"]
[SourceVersionDate "2013.11.20"]
[SourceQuality "1"]

1. e4 c5 2. Nc3 d6 3. f4 g6 4. Nf3 Bg7 5. Bc4 Nc6 6. 0-0 Nf6 7. d3 0-0 8. a3 Nd4 9. h3 e6 10. Ba2 d5 11. Kh2 b6 12. e5 Nxf3+ 13. Qxf3 Nd7 14. Bd2 a6 15. Rae1 Ra7 16. Kh1 b5 17. Qg3 f6 18. exf6 Nxf6 19. Qf2 Rc7 20. Ne2 Qd6 21. Ng1 Rcf7 22. b4 c4 23. g4 Bb7 24. Qc5 Qd8 25. Nf3 Ne4 26. dxe4 dxe4 27. Be3 exf3 28. Bf2 Bd5 29. f5 gxf5 30. Rg1 Rc7 31. Qb6 f4 32. Qxa6 Qd7 33. Rd1 Rcc8 34. c3 Ra8 35. Qb6 Rab8 36. Qc5 Ra8 37. Kh2 Rfc8 38. g5 Rxc5 39. bxc5 Rxa3 40. Bb1 Rb3 41. Rd2 Rxb1 42. Rxb1 Bxc3 0-1

[Event "Jakarta Indonesia op 3rd"]
[Site "Jakarta"]
[Date "2013.10.12"]
[Round "4"]
[White "Davletbayeva, Madina"]
[Black "Hamdani, Rudin"]
[Result "1/2-1/2"]
[WhiteElo "2259"]
[BlackElo "2339"]
[PlyCount "135"]
[EventDate "2013.10.10"]
[EventType "swiss"]
[EventRounds "11"]
[EventCountry "INA"]
[SourceTitle "CBM 156 Extra"]
[Source "ChessBase"]
[SourceDate "2013.10.22"]
[SourceVersion "1"]
[SourceVersionDate "2013.10.22"]
[SourceQuality "1"]

1. e4 c5 2. Nf3 d6 3. Bb5+ Nd7 4. c3 Ngf6 5. Qe2 Qc7 6. 0-0 a6 7. Ba4 e5 8. d3 Be7 9. Nh4 b5 10. Bb3 Nb6 11. f4 0-0 12. fxe5 dxe5 13. Nf5 Bxf5 14. Rxf5 Rad8 15. Bg5 Qd6 16. Bc2 h6 17. Bh4 g6 18. Rf3 Nh5 19. Bxe7 Qxe7 20. Nd2 Nf4 21. Qe3 Kg7 22. Raf1 Qd6 23. Nb3 Ne6 24. Rf6 Nd7 25. R6f3 Rc8 26. Nc1 c4 27. dxc4 bxc4 28. b4 cxb3 29. axb3 Ng5 30. R3f2 Qc5 31. Qd3 Nf6 32. Qe2 Qb6 33. Kh1 Rc6 34. Na2 a5 35. b4 axb4 36. cxb4 h5 37. h4 Ngh7 38. Bb3 Qd4 39. Rf3 Rc7 40. Re3 Ng4 41. Rd3 Qb6 42. Nc3 Nhf6 43. b5 Rfc8 44. Nd5 Nxd5 45. exd5 Qd6 46. b6 Rb7 47. Qa2 Rxb6 48. Bd1 Rc1 49. Qa7 Rc7 50. Qa1 Nf6 51. Bf3 Rb4 52. g3 e4 53. Bxe4 Rxe4 54. Rdf3 Qxd5 55. Qxf6+ Kh7 56. Kh2 Re5 57. R3f2 Rce7 58. Qa6 Qd7 59. Qa1 Re3 60. Qc1 Qg4 61. Rxf7+ Rxf7 62. Rxf7+ Kg8 63. Qxe3 Kxf7 64. Kg2 Kf6 65. Qc3+ Ke7 66. Qc7+ Kf8 67. Qd6+ Kf7 68. Qd7+ 1/2-1/2

[Event "Jakarta Indonesia op 3rd"]
[Site "Jakarta"]
[Date "2013.10.11"]
[Round "2"]
[White "Bachtiar, Ahmad Ina"]
[Black "Hamdani, Rudin"]
[Result "1/2-1/2"]
[WhiteElo "2219"]
[BlackElo "2339"]
[PlyCount "83"]
[EventDate "2013.10.10"]
[EventType "swiss"]
[EventRounds "11"]
[EventCountry "INA"]
[SourceTitle "CBM 156 Extra"]
[Source "ChessBase"]
[SourceDate "2013.10.22"]
[SourceVersion "1"]
[SourceVersionDate "2013.10.22"]
[SourceQuality "1"]

1. e4 c5 2. Nf3 e6 3. d4 cxd4 4. Nxd4 a6 5. Bd3 Qc7 6. 0-0 Nf6 7. Re1 d6 8. b3 Be7 9. Bb2 Nbd7 10. Nd2 0-0 11. f4 b5 12. a4 bxa4 13. Rxa4 Nc5 14. Rc4 Qb6 15. Kh1 Bb7 16. e5 Nd5 17. Qg4 dxe5 18. fxe5 f5 19. exf6 Nxf6 20. Qh3 Nxd3 21. cxd3 Bd5 22. Rc6 Qb7 23. Rcxe6 Bb4 24. R6e2 Rae8 25. Rxe8 Nxe8 26. Bc1 Qb6 27. Qh4 Qa5 28. N4f3 h6 29. Rd1 Nd6 30. Qg4 Nf5 31. Nc4 Qa2 32. Nce5 Qxb3 33. Rg1 Bc5 34. d4 Ba3 35. Bxa3 Qxa3 36. Nd7 Ne3 37. Qh5 Rf5 38. Qe8+ Kh7 39. Nh4 Rf2 40. Qg6+ Kg8 41. Qe8+ Kh7 42. Qg6+ 1/2-1/2

[Event "Jakarta Indonesia op 3rd"]
[Site "Jakarta"]
[Date "2013.10.10"]
[Round "1"]
[White "Hamdani, Rudin"]
[Black "Ivanisevic, Ivan"]
[Result "0-1"]
[WhiteElo "2339"]
[BlackElo "2632"]
[PlyCount "64"]
[EventDate "2013.10.10"]
[EventType "swiss"]
[EventRounds "11"]
[EventCountry "INA"]
[SourceTitle "CBM 156 Extra"]
[Source "ChessBase"]
[SourceDate "2013.10.22"]
[SourceVersion "1"]
[SourceVersionDate "2013.10.22"]
[SourceQuality "1"]

1. d4 Nf6 2. c4 g6 3. f3 Bg7 4. e4 d6 5. Be3 0-0 6. Nc3 c5 7. dxc5 dxc5 8. Qxd8 Rxd8 9. Bxc5 Nc6 10. Nge2 Nd7 11. Ba3 Nde5 12. Nf4 b6 13. Be2 e6 14. Nb5 Bh6 15. g3 a6 16. Nc3 Nd4 17. Kf2 Nxe2 18. Ncxe2 Nxc4 19. Be7 Rd7 20. Bf6 Bf8 21. Rhc1 Bc5+ 22. Kg2 Ne3+ 23. Kh1 Bb7 24. h4 Re8 25. Nc3 e5 26. Nh3 h6 27. g4 Rd2 28. Na4 Bd4 29. Rg1 Rc8 30. Nc3 Rxb2 31. Nd1 Re2 32. Nf4 exf4 0-1

[Event "Asian Continental op 12th"]
[Site "Manila"]
[Date "2013.05.25"]
[Round "8"]
[White "Hamdani, Rudin"]
[Black "Munkhgal, Gombosuren"]
[Result "1-0"]
[WhiteElo "2341"]
[BlackElo "2427"]
[PlyCount "73"]
[EventDate "2013.05.18"]
[EventType "swiss"]
[EventRounds "9"]
[EventCountry "PHI"]
[SourceTitle "CBM 154 Extra"]
[Source "ChessBase"]
[SourceDate "2013.06.25"]
[SourceVersion "2"]
[SourceVersionDate "2013.06.25"]
[SourceQuality "1"]

1. e4 e6 2. d4 d5 3. Nc3 Nf6 4. e5 Nfd7 5. f4 c5 6. Nf3 Nc6 7. Be3 Be7 8. Qd2 0-0 9. a3 b6 10. g3 Bb7 11. Bh3 Rc8 12. 0-0 cxd4 13. Nxd4 Nxd4 14. Bxd4 Rc4 15. Ne2 Nc5 16. Rac1 Ra4 17. Rfd1 Ba6 18. Qe3 Bxe2 19. Qxe2 Qc7 20. b4 Rxa3 21. bxc5 bxc5 22. Bf2 g6 23. c4 d4 24. Ra1 Rxa1 25. Rxa1 Rb8 26. Qa2 d3 27. Bf1 Rd8 28. Rd1 g5 29. Rxd3 gxf4 30. gxf4 a5 31. Be1 Rd4 32. Rxd4 cxd4 33. Bxa5 Qa7 34. Bd3 Kh8 35. Qe2 Qxa5 36. Qe4 Qa1+ 37. Kg2 1-0

[Event "Asian Continental op 12th"]
[Site "Manila"]
[Date "2013.05.18"]
[Round "1"]
[White "Vidit, Santosh Gujrathi"]
[Black "Hamdani, Rudin"]
[Result "1-0"]
[WhiteElo "2549"]
[BlackElo "2341"]
[PlyCount "93"]
[EventDate "2013.05.18"]
[EventType "swiss"]
[EventRounds "9"]
[EventCountry "PHI"]
[SourceTitle "CBM 154 Extra"]
[Source "ChessBase"]
[SourceDate "2013.06.25"]
[SourceVersion "2"]
[SourceVersionDate "2013.06.25"]
[SourceQuality "1"]

1. d4 d5 2. c4 e6 3. Nc3 c6 4. e3 Nf6 5. Nf3 a6 6. c5 Nbd7 7. b4 g6 8. Bb2 Bg7 9. Be2 0-0 10. 0-0 Ne8 11. e4 Nc7 12. Qb3 Rb8 13. e5 f6 14. exf6 Bxf6 15. Na4 Qe7 16. Rfe1 Qg7 17. Bf1 Re8 18. Rad1 Nb5 19. h4 b6 20. cxb6 Nxb6 21. Nc5 Ra8 22. g3 Nd6 23. Bh3 Qf7 24. Re2 Nbc4 25. Rde1 Nf5 26. Bc3 Ncd6 27. Qd1 Ra7 28. Qd3 h5 29. Bd2 Nc4 30. Bg5 Ree7 31. Bxf6 Qxf6 32. Ne5 Nxe5 33. Rxe5 Nd6 34. f4 Re8 35. Kh2 Nc4 36. R5e2 Qf7 37. a4 Qf6 38. Qc3 Qf7 39. Nd3 Qf8 40. Ne5 Nxe5 41. Rxe5 Rb7 42. f5 Rxb4 43. f6 Kh8 44. f7 Rd8 45. Bxe6 Rc4 46. Qf3 Rc2+ 47. Kh1 1-0

[Event "Asia zt 3.3"]
[Site "Tagaytay City"]
[Date "2013.01.22"]
[Round "1"]
[White "Hamdani, Rudin"]
[Black "Nguyen, Ngoc Truong Son"]
[Result "0-1"]
[WhiteElo "2357"]
[BlackElo "2631"]
[PlyCount "52"]
[EventDate "2013.01.22"]
[EventType "swiss"]
[EventRounds "9"]
[EventCountry "PHI"]
[SourceTitle "CBM 152 Extra"]
[Source "ChessBase"]
[SourceDate "2013.02.25"]
[SourceVersion "1"]
[SourceVersionDate "2013.02.25"]
[SourceQuality "1"]

1. e4 e6 2. d4 d5 3. Nc3 Nc6 4. Nf3 Nf6 5. Bd3 Nb4 6. e5 Nxd3+ 7. Qxd3 Nd7 8. Ne2 c5 9. c3 b6 10. 0-0 Nb8 11. b4 Qd7 12. bxc5 Ba6 13. Qe3 bxc5 14. Re1 Bxe2 15. Qxe2 Nc6 16. Rb1 Be7 17. Be3 cxd4 18. cxd4 0-0 19. Bd2 Rfb8 20. Qd3 h6 21. h4 Qd8 22. g3 Na5 23. Bxa5 Qxa5 24. Rxb8+ Rxb8 25. Rb1 Rc8 26. Rb7 Bf8 0-1

[Event "Jakarta Indonesia op 2nd"]
[Site "Jakarta"]
[Date "2012.10.16"]
[Round "8"]
[White "Hamdani, Rudin"]
[Black "Hoang, Thanh Trang"]
[Result "1/2-1/2"]
[WhiteElo "2328"]
[BlackElo "2470"]
[PlyCount "58"]
[EventDate "2012.10.11"]
[EventType "swiss"]
[EventRounds "9"]
[EventCountry "INA"]
[SourceTitle "EXT 2013"]
[Source "ChessBase"]
[SourceDate "2012.11.22"]
[SourceVersion "1"]
[SourceVersionDate "2012.11.22"]
[SourceQuality "1"]

1. e4 e6 2. d4 d5 3. e5 c5 4. c3 Nc6 5. Nf3 Nh6 6. a3 Nf5 7. b4 cxd4 8. cxd4 Bd7 9. Be2 Qb6 10. Be3 f6 11. exf6 gxf6 12. Nc3 a5 13. b5 Na7 14. 0-0 Bd6 15. Bd3 Nxe3 16. fxe3 0-0 17. Ng5 fxg5 18. Qh5 Rf5 19. Bxf5 exf5 20. Qxg5+ Kf7 21. Rxf5+ Bxf5 22. Rf1 Rf8 23. Nxd5 Qd8 24. Rxf5+ Ke6 25. Nf6 Rxf6 26. d5+ Kf7 27. Qh5+ Kg7 28. Qg5+ Kf7 29. Qh5+ Kg7 1/2-1/2

[Event "Jakarta Indonesia op 2nd"]
[Site "Jakarta"]
[Date "2012.10.11"]
[Round "1"]
[White "Krasenkow, Michal"]
[Black "Hamdani, Rudin"]
[Result "1-0"]
[WhiteElo "2636"]
[BlackElo "2328"]
[PlyCount "141"]
[EventDate "2012.10.11"]
[EventType "swiss"]
[EventRounds "9"]
[EventCountry "INA"]
[SourceTitle "EXT 2013"]
[Source "ChessBase"]
[SourceDate "2012.11.22"]
[SourceVersion "1"]
[SourceVersionDate "2012.11.22"]
[SourceQuality "1"]

1. Nf3 d5 2. c4 c6 3. e3 Nf6 4. Nc3 e6 5. d4 a6 6. c5 b6 7. cxb6 Nbd7 8. Bd2 Qxb6 9. Na4 Qc7 10. Rc1 Bd6 11. Qc2 Bb7 12. Bd3 0-0 13. 0-0 Rfe8 14. h3 a5 15. Rfd1 Rec8 16. Be1 h6 17. Nd2 c5 18. dxc5 Nxc5 19. Nxc5 Qxc5 20. Qxc5 Bxc5 21. Nb3 Bb6 22. Bb5 Kf8 23. a4 Ke7 24. Bc3 Ne4 25. Bxg7 f6 26. Nd4 h5 27. Bh6 e5 28. Nf5+ Ke6 29. g4 hxg4 30. hxg4 Nc5 31. Kf1 Rc7 32. f3 Rac8 33. e4 Nb3 34. exd5+ Bxd5 35. Bd7+ Rxd7 36. Rxc8 Bc5 37. Ke1 Bxf3 38. Re8+ Kf7 39. Rxd7+ Kxe8 40. Rd3 Bb4+ 41. Kf2 Bxg4 42. Ng7+ Kf7 43. Rxb3 Kg6 44. Rg3 f5 45. Nxf5 Kxf5 46. b3 e4 47. Bc1 Be7 48. Rc3 Bb4 49. Rg3 Be7 50. Rg1 Bh4+ 51. Ke3 Bf3 52. Rf1 Kg4 53. Kd4 Bf6+ 54. Kc5 Bc3 55. Be3 Kg3 56. Kd5 Bb4 57. Kd4 Kg4 58. Rg1+ Kf5 59. Kd5 Kf6 60. Rf1 Kf5 61. Rg1 Kf6 62. Rg3 Be1 63. Rh3 Kf5 64. Kc4 Bb4 65. Rh2 Kg4 66. Ra2 Kg3 67. Kd4 Bd1 68. Kxe4 Bxb3 69. Bf4+ Kg4 70. Rg2+ Kh4 71. Kf5 1-0

[Event "Asia-chT 17th"]
[Site "Zaozhuang"]
[Date "2012.05.18"]
[Round "2.2"]
[White "Lo, Cheuk Wai"]
[Black "Hamdani, Rudin"]
[Result "0-1"]
[WhiteElo "1818"]
[BlackElo "2322"]
[PlyCount "68"]
[EventDate "2012.05.17"]
[EventType "team-swiss"]
[EventRounds "9"]
[EventCountry "CHN"]
[SourceTitle "CBM 148 Extra"]
[Source "ChessBase"]
[SourceDate "2012.06.22"]
[SourceVersion "1"]
[SourceVersionDate "2012.06.22"]
[SourceQuality "1"]
[WhiteTeam "Hong Kong"]
[BlackTeam "Indonesia"]
[WhiteTeamCountry "HKG"]
[BlackTeamCountry "INA"]

1. e4 Nf6 2. e5 Nd5 3. d4 d6 4. c4 Nb6 5. exd6 exd6 6. h3 Be7 7. Nf3 Bf5 8. Bd3 Bxd3 9. Qxd3 0-0 10. Nc3 Nc6 11. 0-0 Re8 12. b3 Bf6 13. Ne4 d5 14. Nxf6+ Qxf6 15. c5 Nd7 16. Be3 h6 17. b4 a6 18. Rab1 Ne7 19. b5 a5 20. Rfc1 Nf8 21. Ne5 Nfg6 22. Ng4 Qf5 23. Qd2 h5 24. Ne5 Nxe5 25. dxe5 c6 26. a4 Qxe5 27. Bd4 Qf5 28. Rb3 Ng6 29. Rf3 Qe4 30. Bc3 d4 31. Qxd4 Qxd4 32. Bxd4 Re4 33. Rd3 Rd8 34. Rcd1 Nf4 0-1

[Event "Asian Continental op 11th"]
[Site "Ho Chi Minh City"]
[Date "2012.05.12"]
[Round "8"]
[White "Sethuraman, SP."]
[Black "Hamdani, Rudin"]
[Result "1-0"]
[WhiteElo "2546"]
[BlackElo "2322"]
[PlyCount "64"]
[EventDate "2012.05.05"]
[EventType "swiss"]
[EventRounds "9"]
[EventCountry "VIE"]
[SourceTitle "CBM 148 Extra"]
[Source "ChessBase"]
[SourceDate "2012.06.22"]
[SourceVersion "1"]
[SourceVersionDate "2012.06.22"]
[SourceQuality "1"]

1. Nf3 c5 2. e4 a6 3. Nc3 d6 4. d4 cxd4 5. Nxd4 Nf6 6. Bg5 Nbd7 7. Qe2 h6 8. Bh4 Qc7 9. 0-0-0 g5 10. Bg3 e6 11. h4 Rg8 12. hxg5 hxg5 13. Qe3 Ne5 14. Nf3 Nfg4 15. Qd2 Be7 16. Be2 Bd7 17. Nxe5 Nxe5 18. Bh5 Rg7 19. Qe3 b5 20. a3 0-0-0 21. Be2 Qb7 22. f3 Kb8 23. Kb1 Rc8 24. Rd4 f6 25. Rhd1 Rgg8 26. a4 Rc5 27. axb5 axb5 28. Na2 Qc7 29. Qb3 Rc8 30. Rb4 Ka8 31. Bf2 Rb8 32. Nc3 Qa5 1-0

[Event "Asian Continental op 11th"]
[Site "Ho Chi Minh City"]
[Date "2012.05.10"]
[Round "6"]
[White "Hamdani, Rudin"]
[Black "Nguyen, Huynh Minh Huy"]
[Result "1/2-1/2"]
[WhiteElo "2322"]
[BlackElo "2442"]
[PlyCount "106"]
[EventDate "2012.05.05"]
[EventType "swiss"]
[EventRounds "9"]
[EventCountry "VIE"]
[SourceTitle "CBM 148 Extra"]
[Source "ChessBase"]
[SourceDate "2012.06.22"]
[SourceVersion "1"]
[SourceVersionDate "2012.06.22"]
[SourceQuality "1"]

1. c4 c6 2. Nf3 d5 3. g3 Nf6 4. b3 Bf5 5. Bg2 e6 6. Bb2 h6 7. 0-0 Be7 8. d3 0-0 9. Nbd2 a5 10. Re1 Bh7 11. e4 Na6 12. Qe2 Nb4 13. Red1 a4 14. Ne1 a3 15. Bc3 Qb6 16. d4 Qa6 17. f3 b6 18. Nf1 Rfd8 19. Qd2 dxc4 20. bxc4 c5 21. e5 Ne8 22. f4 Qxc4 23. Bxa8 Rxa8 24. Ne3 Qa6 25. Bxb4 cxb4 26. Rac1 Be4 27. Nd3 Qb5 28. Nf2 Bf3 29. Qd3 Qd7 30. Rd2 Bb7 31. d5 exd5 32. Nxd5 Qxd5 33. Qxd5 Bxd5 34. Rxd5 Bc5 35. Rd3 Nc7 36. Kf1 Ne6 37. Ne4 Be7 38. Ke2 f5 39. exf6 gxf6 40. Rc6 Nc5 41. Nxc5 bxc5 42. Kd2 Bf8 43. f5 h5 44. Kc2 Re8 45. Re6 Rc8 46. Rd7 c4 47. Rxf6 Rb8 48. Rc6 b3+ 49. Kb1 bxa2+ 50. Kxa2 Rb2+ 51. Ka1 Rf2 52. f6 Rf1+ 53. Ka2 Rf2+ 1/2-1/2

[Event "Asian Continental op 11th"]
[Site "Ho Chi Minh City"]
[Date "2012.05.06"]
[Round "2"]
[White "Hamdani, Rudin"]
[Black "Dao, Thien Hai"]
[Result "1/2-1/2"]
[WhiteElo "2322"]
[BlackElo "2514"]
[PlyCount "148"]
[EventDate "2012.05.05"]
[EventType "swiss"]
[EventRounds "9"]
[EventCountry "VIE"]
[SourceTitle "CBM 148 Extra"]
[Source "ChessBase"]
[SourceDate "2012.06.22"]
[SourceVersion "1"]
[SourceVersionDate "2012.06.22"]
[SourceQuality "1"]

1. d4 f5 2. Nf3 Nf6 3. g3 g6 4. Bg2 Bg7 5. 0-0 0-0 6. c4 d6 7. Nc3 Qe8 8. Qb3 Kh8 9. d5 Na6 10. a3 c6 11. Be3 e5 12. dxe6 Qe7 13. Qc2 Bxe6 14. b3 Bg8 15. Rfd1 Nc7 16. Rab1 Rfe8 17. h3 d5 18. Bd4 b6 19. cxd5 Ncxd5 20. b4 Rac8 21. Rbc1 Nxc3 22. Qxc3 c5 23. bxc5 bxc5 24. Be5 c4 25. Rd6 Nd5 26. Bxg7+ Qxg7 27. Qxg7+ Kxg7 28. Nd4 Nb6 29. e3 Re7 30. Bc6 Re5 31. a4 Kf8 32. Bb5 Rec5 33. a5 Nd5 34. Rd7 R8c7 35. Rd8+ Kg7 36. Rb8 Ne7 37. a6 Bd5 38. Kf1 Nc8 39. f3 Kf6 40. Kf2 Nd6 41. h4 Rc8 42. Rxc8 Rxc8 43. Ba4 Rb8 44. Bc2 Rb2 45. Ne2 Nb5 46. e4 fxe4 47. fxe4 Be6 48. Ke3 Ra2 49. Kf4 Rxa6 50. e5+ Ke7 51. Rb1 Rb6 52. Be4 Nc7 53. Rc1 Bf7 54. Nd4 Ne6+ 55. Ke3 Nc5 56. Rf1 a6 57. g4 Nxe4 58. Kxe4 Be6 59. g5 Bh3 60. Rf2 a5 61. Kd5 c3 62. Rc2 Be6+ 63. Nxe6 Rxe6 64. Rxc3 Ra6 65. Rc7+ Kd8 66. Rxh7 a4 67. h5 gxh5 68. Rxh5 a3 69. Rh1 a2 70. Ra1 Ke7 71. g6 Rxg6 72. Rxa2 Rh6 73. Ra7+ Ke8 74. e6 Rh1 1/2-1/2

[Event "Melaka-chA"]
[Site "Melaka"]
[Date "2012.04.29"]
[Round "8"]
[White "Ismail, Ahmad"]
[Black "Hamdani, Rudin"]
[Result "0-1"]
[WhiteElo "2007"]
[BlackElo "2322"]
[PlyCount "34"]
[EventDate "2012.04.23"]
[EventType "swiss"]
[EventRounds "9"]
[EventCountry "MAS"]
[SourceTitle "CBM 148 Extra"]
[Source "ChessBase"]
[SourceDate "2012.06.22"]
[SourceVersion "1"]
[SourceVersionDate "2012.06.22"]
[SourceQuality "1"]

1. d4 g6 2. Nf3 Bg7 3. c3 Nf6 4. Bf4 0-0 5. e3 d6 6. h3 Nbd7 7. Be2 Qe8 8. d5 Nb6 9. c4 Nh5 10. Nc3 Nxf4 11. exf4 e5 12. fxe5 dxe5 13. Nb5 e4 14. Nfd4 Qe7 15. 0-0 a6 16. f4 exf3 17. Nxf3 Qe3+ 0-1

[Event "Melaka-chA"]
[Site "Melaka"]
[Date "2012.04.24"]
[Round "3"]
[White "Hamdani, Rudin"]
[Black "Arun Prasad, Subramanian"]
[Result "1/2-1/2"]
[WhiteElo "2322"]
[BlackElo "2517"]
[PlyCount "44"]
[EventDate "2012.04.23"]
[EventType "swiss"]
[EventRounds "9"]
[EventCountry "MAS"]
[SourceTitle "CBM 148 Extra"]
[Source "ChessBase"]
[SourceDate "2012.06.22"]
[SourceVersion "1"]
[SourceVersionDate "2012.06.22"]
[SourceQuality "1"]

1. c4 Nf6 2. Nc3 d5 3. cxd5 Nxd5 4. Nf3 g6 5. Qb3 Nb6 6. Ng5 e6 7. d3 Bg7 8. g3 Nc6 9. Bg2 0-0 10. Bxc6 bxc6 11. Nge4 h6 12. Qc2 e5 13. h4 f5 14. Qb3+ Nd5 15. Nc5 Qd6 16. N3a4 Kh8 17. Bd2 a5 18. Rc1 Qe7 19. Rc4 Nf6 20. Qc2 Nd5 21. Qb3 Nf6 22. Qc2 Nd5 1/2-1/2

[Event "Jakarta Indonesia op 1st"]
[Site "Jakarta"]
[Date "2011.10.18"]
[Round "8"]
[White "Lioe, Dede"]
[Black "Hamdani, Rudin"]
[Result "1/2-1/2"]
[WhiteElo "2402"]
[BlackElo "2296"]
[PlyCount "61"]
[EventDate "2011.10.13"]
[EventType "swiss"]
[EventRounds "9"]
[EventCountry "INA"]
[SourceTitle "EXT 2012"]
[Source "ChessBase"]
[SourceDate "2011.11.24"]
[SourceVersion "1"]
[SourceVersionDate "2011.11.24"]
[SourceQuality "1"]

1. e4 g6 2. d4 Bg7 3. Nc3 d6 4. h3 Nf6 5. Nf3 0-0 6. Be2 c6 7. a4 Nbd7 8. 0-0 Qc7 9. Re1 e5 10. dxe5 Nxe5 11. Nxe5 dxe5 12. Bc4 Qe7 13. Qe2 Be6 14. Bg5 h6 15. Bh4 Rfd8 16. Red1 b6 17. Bxf6 Qxf6 18. Bxe6 Qxe6 19. Rxd8+ Rxd8 20. Rd1 Qe8 21. Rxd8 Qxd8 22. Qd1 Bf6 23. Qxd8+ Bxd8 24. Kf1 Kf8 25. Ke2 Ke7 26. Kd3 a5 27. Kc4 Kd7 28. Ne2 Be7 29. c3 Bd6 30. Nc1 Ke6 31. Ne2 1/2-1/2

[Event "Tagaytay City zt 3.3"]
[Site "Tagaytay City"]
[Date "2011.05.27"]
[Round "5"]
[White "Bersamina, Paulo"]
[Black "Hamdani, Rudin"]
[Result "1/2-1/2"]
[WhiteElo "2098"]
[BlackElo "2368"]
[PlyCount "135"]
[EventDate "2011.05.24"]
[EventType "swiss"]
[EventRounds "9"]
[EventCountry "PHI"]
[SourceTitle "EXT 2012"]
[Source "ChessBase"]
[SourceDate "2011.11.24"]
[SourceVersion "1"]
[SourceVersionDate "2011.11.24"]
[SourceQuality "1"]

1. e4 c5 2. Nc3 g6 3. f4 Bg7 4. Nf3 d6 5. Bb5+ Bd7 6. Bc4 Nc6 7. 0-0 a6 8. d3 Na5 9. Bb3 Nxb3 10. axb3 e6 11. Be3 Ne7 12. d4 Qc7 13. Qe1 cxd4 14. Bxd4 Bxd4+ 15. Nxd4 Qc5 16. Qf2 0-0 17. Rad1 Rad8 18. Kh1 Nc6 19. e5 Nxd4 20. Qxd4 Qxd4 21. Rxd4 dxe5 22. fxe5 Bc6 23. Rfd1 Rxd4 24. Rxd4 Kg7 25. Kg1 g5 26. Nd1 f6 27. exf6+ Kxf6 28. Ne3 Ke7 29. c3 Rf4 30. Rxf4 gxf4 31. Nc4 Kf6 32. g3 e5 33. gxf4 exf4 34. Kf2 Kf5 35. Nd2 h6 36. b4 Bd5 37. Kg1 Ke5 38. Kf2 h5 39. Kg1 Kf5 40. Kf2 Kg4 41. Kg1 Kh3 42. Nf1 Bg2 43. Nd2 Bc6 44. Nf1 Kg4 45. Kf2 Kf5 46. Nd2 Bd5 47. Kg1 Ke5 48. Kf2 Bc6 49. Kg1 Kf6 50. Kf2 Kg5 51. Kg1 Kg4 52. Kf2 Bd5 53. Kg1 Kh3 54. Nf1 Bc4 55. Nd2 Bb5 56. Ne4 Bc4 57. Nd2 Bd5 58. Nf1 Bg2 59. Nd2 h4 60. Nc4 Bd5 61. Nd2 Bc6 62. Nc4 f3 63. Ne5 f2+ 64. Kxf2 Kxh2 65. c4 Kh3 66. Nxc6 bxc6 67. Kf3 Kh2 68. Kf2 1/2-1/2

[Event "Tagaytay City zt 3.3"]
[Site "Tagaytay City"]
[Date "2011.05.26"]
[Round "4"]
[White "Hamdani, Rudin"]
[Black "Paez, Alfredo"]
[Result "1/2-1/2"]
[WhiteElo "2368"]
[BlackElo "2146"]
[PlyCount "46"]
[EventDate "2011.05.24"]
[EventType "swiss"]
[EventRounds "9"]
[EventCountry "PHI"]
[SourceTitle "EXT 2012"]
[Source "ChessBase"]
[SourceDate "2011.11.24"]
[SourceVersion "1"]
[SourceVersionDate "2011.11.24"]
[SourceQuality "1"]

1. e4 Nc6 2. d4 e5 3. dxe5 Nxe5 4. f4 Ng6 5. Bc4 d6 6. Nf3 Be7 7. Nc3 Nf6 8. f5 Ne5 9. Nxe5 dxe5 10. Qe2 c6 11. a4 Qb6 12. a5 Qc7 13. 0-0 h5 14. Rf3 h4 15. Nd1 Bb4 16. Nf2 Bxa5 17. Nh3 b5 18. Bb3 Bb6+ 19. Kh1 Bb7 20. Ng5 Rf8 21. Be3 0-0-0 22. Bxb6 axb6 23. Rh3 Rd7 1/2-1/2

[Event "Asia Cities-ch 17th"]
[Site "Jakarta"]
[Date "2011.04.28"]
[Round "9.5"]
[White "Omar, Noaman"]
[Black "Hamdani, Rudin"]
[Result "1-0"]
[WhiteElo "2253"]
[BlackElo "2368"]
[PlyCount "63"]
[EventDate "2011.04.22"]
[EventType "team-swiss"]
[EventRounds "9"]
[EventCountry "INA"]
[SourceTitle "CBM 142 Extra"]
[Source "ChessBase"]
[SourceDate "2011.06.27"]
[SourceVersion "1"]
[SourceVersionDate "2011.06.27"]
[SourceQuality "1"]
[WhiteTeam "Sharjah"]
[BlackTeam "Palembang"]
[WhiteTeamCountry "UAE"]
[BlackTeamCountry "INA"]

1. d4 Nf6 2. c4 e6 3. Nf3 b6 4. g3 Ba6 5. Qc2 Bb7 6. Bg2 Bb4+ 7. Bd2 a5 8. 0-0 Be7 9. Nc3 d5 10. Ne5 0-0 11. Rfd1 c6 12. e4 dxc4 13. Nxc4 b5 14. e5 Nd5 15. Ne3 Qb6 16. a4 b4 17. Ne2 Nd7 18. Nc4 Qc7 19. Rac1 Rfd8 20. Be4 h6 21. Ne3 Nxe3 22. Bxe3 Rac8 23. b3 c5 24. dxc5 Bxe4 25. Qxe4 Nxc5 26. Rxd8+ Rxd8 27. Qc4 Qb7 28. Bxc5 Rc8 29. Qd4 Bxc5 30. Rxc5 Rxc5 31. Qxc5 Qd5 32. Qe3 1-0